KIS3G - Third Generation Library and Information System

Bibliographic Details
Format: Book
Language:English
Slovak
PhysicalDescription:[10] s. 28 cm
Published: Martin Slovak National Library [2006]
ISBN:(brož.)
Edition:[1st ed.]
Subjects:

MARC

LEADER 00000nam a2200000 a 4500
001 vtls008960061
003 SK-MaSNL
005 20260425233526.0
008 070329s2006 xo f f 000 0 eng
015 |a SNBE2007/04-01513 
020 |a (brož.) 
040 |a SNK  |b slo  |c SNK  |e AACR2 
041 1 |a eng  |h slo 
043 |a e-xo--- 
044 |a xo  |c SK 
072 7 |a 02  |x Knihovníctvo. Informatika  |2 konspekt 
072 7 |a 004  |x Počítačová veda. Výpočtová technika. Informačné technológie  |2 konspekt 
080 |a 005.591  |2 2001 
080 |a 004  |2 2001 
080 |a 007+004  |2 2001 
080 |a 025:004.08  |2 2001 
080 |a [024.5+659.2]-021.161  |2 2001 
080 |a 659.21  |2 2001 
080 |a 002.1:004.087  |2 2001 
080 |a (437.6)  |2 2001 
080 |a (036)  |2 2001 
245 0 0 |a KIS3G - Third Generation Library and Information System 
246 3 0 |a Third Generation Library and Information System 
250 |a [1st ed.] 
260 |a Martin  |b Slovak National Library  |c [2006] 
300 |a [10] s.  |c 28 cm 
500 |a Názov z obalu 
610 2 7 |a Knižnično-informačný systém tretej generácie (projekt)  |2 SNKPH  |9 167279 
650 0 7 |a programy a projekty  |2 SNKPH  |9 82765 
650 0 7 |a informačné technológie  |2 SNKPH  |9 1527 
650 0 7 |a knižnično-informačné systémy  |2 SNKPH  |9 106177 
650 0 7 |a digitálne knižnice  |2 SNKPH  |9 62186 
650 0 7 |a sprístupňovanie informácií  |2 SNKPH  |9 82447 
650 0 7 |a prezentácia informácií  |2 SNKPH  |9 66615 
650 0 7 |a elektronické zdroje  |2 SNKPH  |9 68867 
651 7 |a Slovensko  |2 SNKPH  |9 14231 
655 7 |a informačné publikácie  |2 SNKPH  |9 70181 
958 |a OP 
999 |c 768445  |d 770375 
952 |a SNK  |b SNK  |y PREZ  |7 0  |p 17A0545887  |o snkOSB 12765 D1  |i snk2007/8836  |8 0  |0 0  |1 0  |4 0  |d 2007-03-29  |l 0  |r 2026-02-24 00:26:27  |w 2026-02-24 
952 |a SNK  |b SNK  |y PREZ  |7 0  |p 17A0545886  |o snkOSB 12765  |i snk2007/8835  |8 0  |0 0  |1 0  |4 0  |d 2007-03-29  |l 0  |r 2026-02-24 00:26:27  |w 2026-02-24